00803nam a2200193Ia 4500001001000000003000500010008004100015010001100056040000900067100003000076245019500106260003800301300001100339502008700350650002700437650005100464700004100515710005300556Para_1434CHAP220125s1999 xx 000 0 und d a200181 cCHAP aAdame Cabañas, Fernando aHongos asociados a plantas de vivero en la reserva natural Xochitla, Estado de México y una propuesta para su manejo /c por Fernando Adame Cabañas y Jesús Enrique Avendaño Abadía aChapingo, Méx. :b Los autores a100 h. aTesis (Ing. Agr. Esp. en Parasitología Agrícola), UACh. Depto. Parasitología aHongos fitopatógenos aViveros forestales x enfermedades por hongos  aAvendaño Avadía, Jesús Enrique aUACh. Departamento de Parasitología Agrícola